000
00268nam a2200109Ia 4500
008
190914s9999||||xx |||||||||||||| ||und||
100
_a
Michael J.Cunningham
245
0
_a
Customer Relationship Management
260
_a
USA
_b
Oxford
_c
2003
300
_a
607
942
_c
BK
999
_c
9283
_d
9283